Memorias del evento de conmemoración de los 25 años de expedición del código nacional de recursos naturales renovables y de protección al medio ambiente (Registro nro. 2812)
[ vista simple ]
| 000 -CABECERA | |
|---|---|
| Campo de control | 00955nam a2200229 a 4500 |
| 005 - FECHA Y HORA DE LA ULTIMA TRANSACCION | |
| Campo de control | 20191224041650.0 |
| 008 - ELEMENTOS DE LONGITUD FIJA—INFORMACION GENERAL | |
| Campo de control | 140307b1999 ck a fr||||f00| 0 spa d |
| 040 ## - FUENTE DE CATALOGACIÓN | |
| Agencia catalogadora original | CO-BoIAVH |
| Agencia transcriptora | CO-BoIAVH |
| 041 0# - IDIOMA | |
| Código de idioma para texto/pista de sonido o título separado | Español |
| 044 ## - PAÍS DE PUBLICACIÓN | |
| País de publicación | Colombia |
| 082 04 - NUMERO DE CLASIFICACION DECIMAL DEWEY | |
| Número de clasificación | 348.026 |
| Número del ítem | M66m |
| 111 2# - ASIENTO PRINCIPAL--NOMBRE DE REUNION | |
| Nombre de reunión o de jurisdicción como elemento de entrada | Evento de Conmemoración de los 25 años de Expedición del Código Nacional de Recursos Naturales Renovables y de Protección al Medio Ambiente |
| Lugar de la reunión | Bogotá |
| Fecha de la reunión | , Noviembre 18, 1999 |
| 9 (RLIN) | 46886 |
| 245 10 - MENCION DE TITULO | |
| Título | Memorias del evento de conmemoración de los 25 años de expedición del código nacional de recursos naturales renovables y de protección al medio ambiente |
| 260 ## - PUBLICACION, DISTRIBUCION, ETC. (PIE DE IMPRENTA) | |
| Lugar de publicación, distribución, etc. | Bogotá : |
| Nombre del editor, distribuidor, etc. | Minambiente, |
| Fecha de publicación, distribución, etc. | 1999. |
| 300 ## - DESCRIPCION FISICA | |
| Extensión | 66 páginas ; |
| Dimensiones | 23 x 17 cm. |
| 650 #6 - ASIENTO SECUNDARIO DE MATERIA - TERMINO TEMATICO | |
| Término temático o nombre geográfico como elemento de entrada | Legislación ambiental |
| 9 (RLIN) | 46887 |
| 650 #4 - ASIENTO SECUNDARIO DE MATERIA - TERMINO TEMATICO | |
| Término temático o nombre geográfico como elemento de entrada | Políticas ambientales |
| 9 (RLIN) | 5366 |
| 650 #4 - ASIENTO SECUNDARIO DE MATERIA - TERMINO TEMATICO | |
| Término temático o nombre geográfico como elemento de entrada | Normas ambientales |
| 9 (RLIN) | 4152 |
| 662 ## - ASIENTO SECUNDARIO DE MATERIA - JERARQUIA DEL NOMBRE DE LUGAR( | |
| País o entidad mayor | Colombia |
| 710 2# - ASIENTO SECUNDARIO - NOMBRE CORPORATIVO | |
| Nombre corporativo o de jurisdicción como elemento de entrada | Colombia |
| Unidad subordinada | Ministerio del Medio Ambiente |
| 9 (RLIN) | 46889 |
| 942 ## - ELEMENTOS ADICIONALES (KOHA) | |
| Tipo de ítem | Libro |
| Sistema de clasificación | Dewey Decimal Classification |
| Withdrawn status | Lost status | Sistema de Clasificación | Damaged status | No para préstamo | Colección | Inventariado | Ubicación Permanente | Ubicación actual | Fecha de adquisición | Valor | Total Checkouts | Número topográfico | Inventario / Código de Barras | Date last seen | Ejemplar | Price effective from | Forma de adquisición | Tipo de material | Fuente de Valor |
|---|---|---|---|---|---|---|---|---|---|---|---|---|---|---|---|---|---|---|---|
| Dewey Decimal Classification | General | Inventariado 2017 | Bogotá | Bogotá | 28/06/2002 | 39000.00 | LB-348.026 M66m | 003289 | 04/12/2012 | Ej.1 | 04/12/2012 | Libro | |||||||
| Dewey Decimal Classification | General | Inventariado 2017 | Sala Fabio Quevedo | Sala Fabio Quevedo | 23/06/2004 | 39000.00 | LB-348.026 M66m | 016096 | 04/12/2012 | Ej.1 | 04/12/2012 | Libro | Ministeriodel Medio Ambiente |